000 00566nam a2200181 i 4500
001 33393
003 ES-MaACL
007 t|
008 030202s1942 gw ||||1| ger d
100 1 _aBillinger, Richard.
_928888
245 1 4 _aDas verschenkte leben
_b: roman /
_cRichard Billinger.
260 _aLeipzig :
_bBernhard Tauchnitz,
_c1942 (
_fOscar Brandstetter)
300 _a304 p. ;
_c19 cm.
490 1 _aDer deutschen Tauschnitz ;
_v121
830 0 _aDer deutschen Tauschnitz ;
_v121
_9181686
852 _aES-MaACL
_jG-3477
_bR.19917
999 _c33393
_d33393